Pagos Provisionales del ISR 2015

Detalles Bibliográficos
Autor principal: Domn̕guez Orozco, Jaime
Formato: eBook
Lenguaje:español
Publicado: Mx̌ico DF: Ediciones Fiscales ISEF, 2015
Materias:
Acceso en línea:Acceso restringido

MARC

LEADER 00000nam a22000007a 4500
005 2015030109349.0
007 cr|||| ||||
008 150301s2015 mx |||||s|||| 00||0 spa d
020 |a 978-368-726-864-2 
035 |a 12612 
040 |a vLex 
090 |c 5360  |d 5360 
100 1 |a Domn̕guez Orozco, Jaime 
245 1 0 |a Pagos Provisionales del ISR 2015  |h [Recurso electrn̤ico] /  |c Jaime Domn̕guez Orozco 
256 |a Servicio en ln̕ea 
260 |a Mx̌ico DF:  |b Ediciones Fiscales ISEF,  |c 2015 
300 |a 1 recurso electrn̤ico 
506 1 |a Disponible solo en los productos indicados  |d vLex Global  |d vLex Global (Academic Edition, excluding Law Schools)  |d vLex Global (U.S. Academic Edition, Law Schools)  |d vLex Global (U.S. Academic Edition, excluding Law Schools)  |d vLex Global (Academic Edition, Law Schools) 
650 0 4 |a Derecho Fiscal  |z Mx̌ico 
740 0 |a vLex Libros (Servicio en ln̕ea) 
856 4 0 |u http://vlex.com/source/pagos-provisionales-isr-2015-12612  |z Acceso restringido 
942 |c BOOK 
999 0 |a Tax Law